| АИС "Историко-культурное наследие Беларуси" | ||
| Базовый | Расширенный | Профессиональный | Словарь персоналий | Тематический словарь | По видам объектов | История запросов Заказы | Регистрация | |
Запись в MARC-формате
| копировать MARC-запись |
=LDR 00000nx\\c2200205\\\45\\
=001 BY-NLB-ar4361601
=005 20160330095634.0
=100 \\$a20110810arusy50\\\\\\ca0
=152 \\$apsbo
=160 \\$ae-bw
=215 \\$aКостел Святого Иоанна Крестителя (Мстибово, агрогородок; Волковысский район)
=300 1\$aПамятник архитектуры неоготики и неороманского стиля. Построен в 1910–1919 гг. из красного кирпича. Обнесен бутовой оградой с брамой.
=356 \\$aНаходится в центре д. Мстибово Волковысского района Гродненской области.
=415 \\$aМстибовский костел Святого Иоанна Крестителя
=515 \\$5w$3BY-NLB-ar4361660$aКасцёл Святога Іаана Хрысціцеля (Мсцібава, аграгарадок; Ваўкавыскі раён)
=801 \0$aBY$bBY-HM0000$c20110810
=810 \\$aБеларуская энцыклапедыя. У 18 т. Т. 10. — Мінск, 2000.
=810 \\$aПраваслаўныя храмы на Беларусі : энцыклапедычны даведнік / А. М. Кулагін. — Мінск, 2001.
=810 \\$aПраваслаўныя храмы Беларусі : энцыклапедычны даведнік / А. М. Кулагін. — Мінск, 2007.
=999 \\$f1848$t20110810
Чтобы вернуться назад, щелкните кнопку BACK на Вашем браузере